Worst of the worst: dealing with repressive and rogue nations

Ebook from IG Library

Uloženo v:
Podrobná bibliografie
Hlavní autor: Rotberg, Robert I
Médium: Kniha
Jazyk:Undetermined
Vydáno: Brookings Institution Press 2007
Témata:
On-line přístup:http://lrc.tdmu.edu.vn/opac/search/detail.asp?aID=2&ID=38986
Tagy: Přidat tag
Žádné tagy, Buďte první, kdo otaguje tento záznam!
Thư viện lưu trữ: Trung tâm Học liệu Trường Đại học Thủ Dầu Một
LEADER 00657nam a2200181Ia 4500
001 TDMU_38986
008 210410s9999 xx 000 0 und d
082 |a 332.4 
100 |a Rotberg, Robert I 
245 0 |a Worst of the worst: dealing with repressive and rogue nations 
245 0 |c Robert I. Rotberg 
260 |b Brookings Institution Press 
260 |c 2007 
300 |a 353Pages 
520 |a Ebook from IG Library 
650 |a Political Science  |x Political Freedom; Chính trị  |x Quyền dân chủ 
856 |u http://lrc.tdmu.edu.vn/opac/search/detail.asp?aID=2&ID=38986 
980 |a Trung tâm Học liệu Trường Đại học Thủ Dầu Một